00266nam a2200109Ia 4500008004100000082001600041100001500057245003800072260003000110300000800140650000800148191201s2011 xx 000 0 und d a658.15bGHM aGHOSE, B.N 0aManagerial Economics and Business aN. DelhibAne Booksc2011 a459 aBBA